00418nam a2200121Ia 45000010005000000080041000050820026000461000143000722450016002152600024002319010026002559990015002813206241024s9999 xx 000 0 und d aRD/371.716/R426l/2009 aRepública Dominicana. Ministerio de Educación. Dirección General de Binestar Estudiantil. Dirección de Nutrición y Salud Escolar 0aLogros 2011 bSanto Domingoc2011 a5/9/2013 9:27:06 a.m. c8795d8795